| 000 | 00458ata a2200181 4500 | ||
|---|---|---|---|
| 005 | 20160902111126.0 | ||
| 008 | 150515b xxu||||| |||| 00| 0 spa d | ||
| 041 | _aspa | ||
| 082 | _a323 S622s | ||
| 245 | _aSistemas penales y derechos humanos en América Latina | ||
| 260 | _aArgentina | ||
| 260 | _bEdiciones Depalma | ||
| 260 | _c1984 | ||
| 300 | _a258 páginas | ||
| 650 |
_aDERECHOS HUMANOS _9166 |
||
| 650 |
_aDERECHOS CIVILES _96940 |
||
| 942 | _cBK | ||
| 999 |
_c5547 _d5547 |
||